| 000 | 00339nam a22001217a 4500 | ||
|---|---|---|---|
| 020 | _a9788132211044 | ||
| 082 |
_a621.3678 _bNET/AP |
||
| 245 | _aApplied Remote Sensing for Urban Planning, Governance and Sustainability | ||
| 700 |
_aNetzband,Maik _9876 |
||
| 700 |
_aSatefanov,William L. _9877 |
||
| 700 |
_aRedman,Charles _9878 |
||
| 942 | _cBK | ||
| 999 |
_c14504 _d14504 |
||